[Event "España ch sub-16 2012"]
[Site "Salobreña ESP"]
[Date "2012.07.20"]
[Round "8.13"]
[White "Gonzalez Benavides, Jose Antonio"]
[Black "Acosta Sosa, Juan Manuel"]
[Result "1/2-1/2"]
[WhiteElo "1918"]
[BlackElo "2166"]
[PlyCount "117"]
[EventDate "2012.07.16"]
[EventType "swiss"]
[EventRounds "9"]
[EventCountry "ESP"]
[Source "lmi"]
[SourceDate "2012.07.16"]

1. e4 c5 2. Nf3 Nc6 3. d4 cxd4 4. Nxd4 g6 5. c4 Bg7 6. Be3 Nf6 7. Nc3 Ng4 8.
Qxg4 Nxd4 9. Qd1 Ne6 10. Be2 O-O 11. O-O b6 12. Rc1 Bb7 13. f3 d6 14. Qd2 a5
15. b3 Nc5 16. Rfd1 Qd7 17. Bf1 Rad8 18. Kh1 Qc8 19. Nd5 Bxd5 20. cxd5 Qd7 21.
Rc2 f5 22. Bxc5 dxc5 23. Bd3 fxe4 24. Bxe4 Be5 25. g3 Bd4 26. Qh6 Bg7 27. Qg5
Qd6 28. Re1 Qf6 29. Qxf6 exf6 30. Bd3 Rd6 31. a4 Rfd8 32. Rce2 Bf8 33. Kg2 Kg7
34. Bc4 Kf7 35. f4 f5 36. Re5 Kf6 37. Kf3 R8d7 38. Re8 Kf7 39. R8e6 Rd8 40.
R6e5 R8d7 41. g4 fxg4+ 42. Kxg4 Bg7 43. Re6 Bf6 44. Kf3 Rd8 45. R6e4 R8d7 46.
Re8 Re7 47. R1xe7+ Bxe7 48. Rh8 Kg7 49. Rc8 Kf6 50. Ke4 Bd8 51. h3 h6 52. Rb8
Rd7 53. Bb5 Re7+ 54. Kf3 Bc7 55. Rc8 g5 56. fxg5+ Kxg5 57. Rg8+ Kf6 58. Bc4 Rg7
59. Ke4 1/2-1/2

[Event "España ch sub-16 2012"]
[Site "Salobreña ESP"]
[Date "2012.07.20"]
[Round "8.14"]
[White "Sanchez Garcia, Julio"]
[Black "Ventura Bolet, Maxim"]
[Result "1-0"]
[WhiteElo "2108"]
[BlackElo "1943"]
[PlyCount "123"]
[EventDate "2012.07.16"]
[EventType "swiss"]
[EventRounds "9"]
[EventCountry "ESP"]
[Source "lmi"]
[SourceDate "2012.07.16"]

1. d4 Nf6 2. c4 g6 3. Nc3 Bg7 4. e4 d6 5. Nf3 O-O 6. Be2 Na6 7. O-O e5 8. Re1
c6 9. d5 Nc5 10. Bf1 a5 11. b3 cxd5 12. cxd5 Qb6 13. Be3 Bd7 14. Rc1 Ng4 15.
Na4 Bxa4 16. Bxc5 dxc5 17. bxa4 Rad8 18. Rb1 Qc7 19. Bc4 Nf6 20. Bb5 h6 21. Nd2
c4 22. Nxc4 Ne8 23. Qd2 Nd6 24. Qxa5 Qxa5 25. Nxa5 Ra8 26. Nc4 Nxc4 27. Bxc4
Rxa4 28. Bb3 Rd4 29. Rbc1 f5 30. exf5 gxf5 31. Rc7 b5 32. Rb7 b4 33. Rc1 Kh8
34. Rcc7 Rg4 35. h3 Rg6 36. Rxb4 e4 37. Kf1 Be5 38. Rc6 Rxc6 39. dxc6 Rc8 40.
Rb5 Bd4 41. Rxf5 Rxc6 42. Rf4 Rf6 43. Rxf6 Bxf6 44. Bd5 Kg7 45. Bxe4 Bd8 46.
Ke2 Kf6 47. f4 Bc7 48. Kf3 Ba5 49. a4 Bb4 50. Ke3 Ke6 51. Ke2 Ba5 52. g4 Bc7
53. Kf3 Bd8 54. Kg3 Ba5 55. g5 hxg5 56. fxg5 Kf7 57. Kg4 Kg7 58. h4 Be1 59. h5
Bd2 60. Kf5 Bc3 61. h6+ Kg8 62. Bd5+ 1-0

[Event "España ch sub-16 2012"]
[Site "Salobreña ESP"]
[Date "2012.07.20"]
[Round "8.15"]
[White "Jimenez Almeida, Luis David"]
[Black "Mercado Larrea, Adrian"]
[Result "0-1"]
[WhiteElo "2097"]
[BlackElo "1875"]
[PlyCount "141"]
[EventDate "2012.07.16"]
[EventType "swiss"]
[EventRounds "9"]
[EventCountry "ESP"]
[Source "lmi"]
[SourceDate "2012.07.16"]

1. e4 c5 2. Nf3 Nc6 3. d4 cxd4 4. Nxd4 Nf6 5. Nc3 e5 6. Ndb5 d6 7. Bg5 a6 8.
Na3 b5 9. Bxf6 gxf6 10. Nd5 f5 11. Bd3 Be6 12. c4 fxe4 13. Bxe4 Rb8 14. Nf6+
Qxf6 15. Bxc6+ Bd7 16. Bxd7+ Kxd7 17. cxb5 axb5 18. Nxb5 Qg6 19. Qd5 Qe6 20.
Qd3 Qg6 21. Qxg6 hxg6 22. a4 Rh4 23. b3 Rb4 24. Rb1 Rc8 25. O-O Ke6 26. Rb2 Bg7
27. Rfb1 d5 28. Na3 Ra8 29. Nc2 Rb7 30. Ra2 e4 31. a5 Ra6 32. b4 Bc3 33. Ra4
Ke5 34. Rb3 d4 35. Raa3 f5 36. g3 Bd2 37. Kf1 d3 38. Ne3 Rxb4 39. Rxb4 Bxb4 40.
Ra4 Bc3 41. h4 Ke6 42. Nc4 Kd5 43. Nb6+ Ke6 44. Rc4 Bxa5 45. Rc6+ Kf7 46. Rc7+
Kg8 47. Rc8+ Kg7 48. Nd5 Rd6 49. Ne3 Bb6 50. Nd1 Bd4 51. Ke1 Ra6 52. Rc4 Rd6
53. Ra4 Kf6 54. Kd2 Ke5 55. Ra5+ Ke6 56. g4 f4 57. Ra4 Kf6 58. Rb4 Kg7 59. Rb7+
Kf6 60. Rb4 e3+ 61. fxe3 fxe3+ 62. Kxd3 Bc5+ 63. Kc4 Bxb4 64. Nxe3 Be1 65. Kc5
Rd8 66. Ng2 Bd2 67. h5 gxh5 68. gxh5 Kg5 69. Kc4 Rf8 70. Kd3 Rf2 71. Kd4 0-1

[Event "España ch sub-16 2012"]
[Site "Salobreña ESP"]
[Date "2012.07.20"]
[Round "8.16"]
[White "Forsberg Conde, Martin"]
[Black "Gonzalez Santamartina, Jorge"]
[Result "1-0"]
[WhiteElo "2046"]
[BlackElo "1795"]
[PlyCount "107"]
[EventDate "2012.07.16"]
[EventType "swiss"]
[EventRounds "9"]
[EventCountry "ESP"]
[Source "lmi"]
[SourceDate "2012.07.16"]

1. e4 e5 2. Nf3 Nc6 3. Bc4 Bc5 4. c3 Nf6 5. d3 d6 6. Nbd2 O-O 7. b4 Bb6 8. Bb3
Ne7 9. O-O Ng6 10. Nc4 Be6 11. a4 c6 12. h3 h6 13. Re1 Bc7 14. Qc2 Nh5 15. d4
Qf6 16. Nh2 Ngf4 17. Ng4 Qg6 18. f3 Bxc4 19. Bxc4 Nf6 20. Bxf4 Nxg4 21. hxg4
exf4 22. Bd3 h5 23. gxh5 Qxh5 24. Kf2 Bd8 25. Rh1 Bh4+ 26. Ke2 Qg5 27. Rag1 Qg3
28. Kd1 Qf2 29. Qxf2 Bxf2 30. Rf1 Bg3 31. Rh5 g6 32. Rh3 Kg7 33. Rfh1 Rh8 34.
Bc4 Rxh3 35. Rxh3 Re8 36. Kd2 b6 37. Rh1 Rb8 38. Kd3 b5 39. axb5 cxb5 40. Bd5
a6 41. Ra1 Rb6 42. c4 bxc4+ 43. Kxc4 Bf2 44. Kc3 Bxd4+ 45. Kxd4 Rxb4+ 46. Kc3
Rb6 47. Bc4 Kf6 48. Rxa6 Rxa6 49. Bxa6 Kg5 50. Kd4 Kh4 51. Bc8 Kg3 52. Bh3 g5
53. Kd5 g4 54. Bxg4 1-0

[Event "España ch sub-16 2012"]
[Site "Salobreña ESP"]
[Date "2012.07.20"]
[Round "8.17"]
[White "Juanes Garcia, Olaya"]
[Black "Martin Garcia, Guillermo"]
[Result "1/2-1/2"]
[WhiteElo "1766"]
[BlackElo "1963"]
[PlyCount "71"]
[EventDate "2012.07.16"]
[EventType "swiss"]
[EventRounds "9"]
[EventCountry "ESP"]
[Source "lmi"]
[SourceDate "2012.07.16"]

1. e4 e5 2. Nf3 Nc6 3. d4 exd4 4. Bc4 Bc5 5. c3 Nf6 6. cxd4 Bb4+ 7. Bd2 Nxe4 8.
Bxb4 Nxb4 9. Bxf7+ Kxf7 10. Qb3+ d5 11. Qxb4 Rf8 12. O-O Kg8 13. Nc3 Ng5 14.
Ne5 c6 15. Na4 Ne6 16. g3 Qg5 17. Kh1 Qf5 18. f3 h5 19. Nc5 Nxc5 20. Qxc5 Qg5
21. Qc3 Bf5 22. b4 Rac8 23. Rac1 Qf6 24. Qb3 Qd6 25. a3 Rc7 26. Qe3 Qe7 27. Rc3
g5 28. Re1 g4 29. f4 Qd6 30. Qc1 Rh7 31. Kg1 Qh6 32. Re2 Qd6 33. Rf2 Rg7 34.
Qd1 Ra8 35. Qb3 Rf8 36. Qd1 1/2-1/2

[Event "España ch sub-16 2012"]
[Site "Salobreña ESP"]
[Date "2012.07.20"]
[Round "8.18"]
[White "Escudero Manzano, Alejandro"]
[Black "Dierssen Garcia-Barredo, Guillermo"]
[Result "1-0"]
[WhiteElo "2192"]
[BlackElo "1854"]
[PlyCount "133"]
[EventDate "2012.07.16"]
[EventType "swiss"]
[EventRounds "9"]
[EventCountry "ESP"]
[Source "lmi"]
[SourceDate "2012.07.16"]

1. e4 e6 2. d4 d5 3. Nc3 Nf6 4. Bg5 dxe4 5. Nxe4 Be7 6. Bxf6 Bxf6 7. Nf3 Nd7 8.
Qd3 O-O 9. O-O-O b6 10. g4 Bb7 11. Rg1 c5 12. g5 Be7 13. Qe3 Qc7 14. Bd3 Rac8
15. Kb1 Rfd8 16. c3 Bd5 17. Nfd2 c4 18. Bc2 b5 19. Qh3 g6 20. Qh4 b4 21. Ba4
bxc3 22. Nxc3 Rb8 23. Bxd7 Rxd7 24. Nde4 Qb6 25. Rd2 Bxe4+ 26. Qxe4 Ba3 27. Nd1
c3 28. Nxc3 Qb4 29. Qc2 Rxd4 30. Rxd4 Qxd4 31. Rd1 Qf4 32. b3 Qxg5 33. Ne4 Qf5
34. Rd7 a5 35. Ng3 Qe5 36. Rd2 a4 37. Ne4 axb3 38. axb3 Bb4 39. Re2 Ra8 40. Qb2
Qxb2+ 41. Kxb2 Kg7 42. Rc2 Ra7 43. Rc4 Be7 44. b4 f5 45. Nc3 Kf7 46. b5 Rb7 47.
Kb3 Bd6 48. h3 Ke7 49. Rc6 Kd7 50. Ra6 Kc7 51. Kc4 Rb6 52. Ra8 Rb8 53. Ra6 Rb6
54. Ra2 Kb7 55. Na4 Bc7 56. Nxb6 Bxb6 57. Re2 e5 58. Rxe5 Bxf2 59. Re7+ Kb6 60.
Rxh7 g5 61. Rh6+ Kb7 62. Rg6 Bh4 63. b6 g4 64. hxg4 fxg4 65. Kb5 g3 66. Rg7+
Kb8 67. Kc6 1-0

[Event "España ch sub-16 2012"]
[Site "Salobreña ESP"]
[Date "2012.07.20"]
[Round "8.19"]
[White "Gutierrez Valero, Mario"]
[Black "Alonso Vara, Maria"]
[Result "1-0"]
[WhiteElo "2135"]
[BlackElo "1833"]
[PlyCount "49"]
[EventDate "2012.07.16"]
[EventType "swiss"]
[EventRounds "9"]
[EventCountry "ESP"]
[Source "lmi"]
[SourceDate "2012.07.16"]

1. d4 d5 2. Nf3 e6 3. c4 c6 4. Qc2 f5 5. e3 Nf6 6. Bd3 Ne4 7. O-O Bd6 8. b3 Nd7
9. Ba3 Bc7 10. Ne1 Ndf6 11. f3 Nd6 12. Nc3 g6 13. Rd1 Nh5 14. e4 Nf4 15. g3
Nxd3 16. Qxd3 dxe4 17. fxe4 Bd7 18. Nf3 Kf7 19. d5 exd5 20. cxd5 fxe4 21. Nxe4
Nxe4 22. Qxe4 Kg7 23. dxc6 Bxc6 24. Bb2+ Kh6 25. Qe3+ 1-0

[Event "España ch sub-16 2012"]
[Site "Salobreña ESP"]
[Date "2012.07.20"]
[Round "8.20"]
[White "Rubio Tent, Francisco"]
[Black "Prado Acebo, Ines"]
[Result "1-0"]
[WhiteElo "2120"]
[BlackElo "1825"]
[PlyCount "77"]
[EventDate "2012.07.16"]
[EventType "swiss"]
[EventRounds "9"]
[EventCountry "ESP"]
[Source "lmi"]
[SourceDate "2012.07.16"]

1. e4 c5 2. Nf3 e6 3. d4 cxd4 4. Nxd4 a6 5. Be2 Nf6 6. Nc3 Bb4 7. Qd3 Qc7 8.
Bd2 b5 9. O-O Be7 10. f4 d6 11. Bf3 Bb7 12. e5 dxe5 13. fxe5 Nfd7 14. Bxb7 Qxb7
15. Rae1 b4 16. Na4 Qd5 17. c4 Nxe5 18. cxd5 Nxd3 19. dxe6 f6 20. Re3 Ne5 21.
Rc1 O-O 22. Nf5 Nbc6 23. Nxe7+ Nxe7 24. Bxb4 Rfe8 25. Bxe7 Rxe7 26. Nc5 Kf8 27.
Ra3 Raa7 28. Rd1 Rec7 29. b4 Ke7 30. Rxa6 Rxa6 31. Nxa6 Ra7 32. b5 Kxe6 33. a4
Nc4 34. Rd4 Na5 35. Kf2 Ke5 36. Ke3 f5 37. Rd8 Nc4+ 38. Ke2 Kf4 39. Rd4+ 1-0

[Event "España ch sub-16 2012"]
[Site "Salobreña ESP"]
[Date "2012.07.20"]
[Round "8.21"]
[White "Capote Robayna, Nathaniel"]
[Black "Ananian, Arman"]
[Result "0-1"]
[WhiteElo "2044"]
[BlackElo "1823"]
[PlyCount "58"]
[EventDate "2012.07.16"]
[EventType "swiss"]
[EventRounds "9"]
[EventCountry "ESP"]
[Source "lmi"]
[SourceDate "2012.07.16"]

1. e4 c5 2. Nf3 Nc6 3. d4 cxd4 4. Nxd4 e5 5. Nb5 d6 6. N1c3 a6 7. Na3 Be6 8.
Nc4 Rb8 9. Ne3 Nf6 10. Ned5 Be7 11. a4 O-O 12. Be3 Nd7 13. Bc4 Kh8 14. O-O Bg5
15. Qd2 Bxe3 16. Nxe3 Nc5 17. Rfd1 Bxc4 18. Nxc4 Nd4 19. a5 f5 20. exf5 Rxf5
21. b4 Nce6 22. Ne3 Rh5 23. Ne2 Qh4 24. Nf1 Rf8 25. Neg3 Rh6 26. Rab1 Nf4 27.
Rb3 Nfe2+ 28. Nxe2 Qxf2+ 29. Kh1 Nxe2 0-1

[Event "España ch sub-16 2012"]
[Site "Salobreña ESP"]
[Date "2012.07.20"]
[Round "8.22"]
[White "Abal Cores, Lucas"]
[Black "Garcia-Castany Musellas, Galla"]
[Result "0-1"]
[WhiteElo "1951"]
[BlackElo "2042"]
[PlyCount "86"]
[EventDate "2012.07.16"]
[EventType "swiss"]
[EventRounds "9"]
[EventCountry "ESP"]
[Source "lmi"]
[SourceDate "2012.07.16"]

1. e4 e5 2. Nf3 Nc6 3. d4 exd4 4. Bc4 Bc5 5. c3 Nf6 6. cxd4 Bb4+ 7. Bd2 Bxd2+
8. Nbxd2 d5 9. exd5 Nxd5 10. Qb3 Nce7 11. O-O O-O 12. Rfe1 c6 13. Ne4 a5 14. a4
Qb6 15. Nc5 Qxb3 16. Nxb3 Rd8 17. Rac1 Kf8 18. Nc5 Nb4 19. Re4 Ned5 20. Rce1 h6
21. Bxd5 Nxd5 22. Ne5 g5 23. f3 Nf6 24. R4e3 Rxd4 25. Rb3 Ra7 26. Rc1 Nd5 27.
Nc4 Nb4 28. Nb6 Rd8 29. Re1 Bf5 30. g4 Bg6 31. Ncd7+ Kg7 32. Re7 Ra6 33. Kf2 c5
34. Rbe3 Nd3+ 35. Kg3 Nf4 36. h4 Rxb6 37. hxg5 hxg5 38. Nxb6 Rd2 39. Re2 Nxe2+
40. Kf2 Nf4+ 41. Ke1 Rxb2 42. Nc4 Rb4 43. Nxa5 b6 0-1

[Event "España ch sub-16 2012"]
[Site "Salobreña ESP"]
[Date "2012.07.20"]
[Round "8.23"]
[White "Rodriguez Garcia, Carlos"]
[Black "Garcia De Lomas Guerrero, Carlos"]
[Result "1-0"]
[WhiteElo "1866"]
[BlackElo "2041"]
[PlyCount "160"]
[EventDate "2012.07.16"]
[EventType "swiss"]
[EventRounds "9"]
[EventCountry "ESP"]
[Source "lmi"]
[SourceDate "2012.07.16"]

1. e4 e6 2. d4 d5 3. exd5 exd5 4. Bd3 Bd6 5. Qf3 Nc6 6. c3 Nge7 7. Ne2 h5 8. h3
Be6 9. Bf4 Qd7 10. Nd2 O-O-O 11. O-O-O f6 12. Bxd6 Qxd6 13. Nf4 Bf7 14. h4 Rh6
15. Rde1 Rdh8 16. g4 hxg4 17. Qxg4+ Kb8 18. Ng2 g5 19. Qg3 Qd7 20. f4 g4 21. f5
Rg8 22. Rhf1 Rh5 23. Ne3 Rh7 24. Rg1 Bh5 25. Qf4 Qd6 26. Qxd6 cxd6 27. Rg2 Rgh8
28. Rh1 Rg7 29. Ndf1 Nd8 30. Rhg1 Rgh7 31. Nh2 Ng8 32. Nhxg4 Bf7 33. Be2 Rxh4
34. Bf3 R4h5 35. Nf2 Rh4 36. Bxd5 Ne7 37. Bxf7 Nxf7 38. Rg7 R8h7 39. Rxh7 Rxh7
40. Nfg4 Rg7 41. Rh1 Ng8 42. Rh4 Ng5 43. Nd5 Nf3 44. Rh8 Rxg4 45. Nxf6 Rh4 46.
Rxg8+ Kc7 47. Rg7+ Kc6 48. d5+ Kc5 49. Rxb7 Rh1+ 50. Kc2 Rh2+ 51. Kd3 Ne5+ 52.
Ke3 Rh3+ 53. Kf4 Nd3+ 54. Kg5 Nf2 55. Rc7+ Kb5 56. Rh7 Rg3+ 57. Kh6 Rf3 58. Kg6
Rg3+ 59. Kf7 Re3 60. Nd7 Ne4 61. Rg7 Re2 62. f6 Rxb2 63. Kg8 Nxf6+ 64. Nxf6
Rxa2 65. Rb7+ Kc4 66. Rc7+ Kd3 67. Kf7 a5 68. Ke6 a4 69. Kxd6 a3 70. Nd7 Rc2
71. Ne5+ Ke4 72. c4 a2 73. Ra7 Kd4 74. Ra4 Kc3 75. c5 Kb3 76. Rxa2 Rxa2 77. c6
Kc3 78. c7 Ra8 79. Nc6 Rc8 80. Kd7 Ra8 1-0

[Event "España ch sub-16 2012"]
[Site "Salobreña ESP"]
[Date "2012.07.20"]
[Round "8.24"]
[White "Ruiz Font, Elisabet"]
[Black "Rodriguez Rodriguez, Alvaro"]
[Result "1-0"]
[WhiteElo "2039"]
[BlackElo "1811"]
[PlyCount "57"]
[EventDate "2012.07.16"]
[EventType "swiss"]
[EventRounds "9"]
[EventCountry "ESP"]
[Source "lmi"]
[SourceDate "2012.07.16"]

1. e4 c5 2. Nf3 a6 3. c4 Nc6 4. d4 cxd4 5. Nxd4 Nf6 6. Nc3 e5 7. Nc2 Bc5 8. Be2
d6 9. O-O Be6 10. Kh1 h5 11. Bg5 Qd7 12. Bxf6 gxf6 13. f4 exf4 14. Nd5 O-O-O
15. Nxf6 Qe7 16. Rxf4 Ne5 17. b4 Ba7 18. b5 Ng4 19. Nxg4 hxg4 20. g3 axb5 21.
cxb5 d5 22. Bxg4 dxe4 23. Qe2 Rdg8 24. Bxe6+ fxe6 25. Rxe4 Rxg3 26. Rc4+ Bc5
27. Qe5 Rxh2+ 28. Kxh2 Rg4 29. Rxc5+ 1-0

[Event "España ch sub-16 2012"]
[Site "Salobreña ESP"]
[Date "2012.07.21"]
[Round "9.1"]
[White "Shen, Yue"]
[Black "Santos Latasa, Jaime"]
[Result "0-1"]
[WhiteElo "2148"]
[BlackElo "2399"]
[PlyCount "62"]
[EventDate "2012.07.16"]
[EventType "swiss"]
[EventRounds "9"]
[EventCountry "ESP"]
[Source "lmi"]
[SourceDate "2012.07.16"]

1. d4 Nf6 2. c4 e6 3. g3 c5 4. d5 exd5 5. cxd5 d6 6. Nc3 g6 7. Bg2 Bg7 8. Nf3
O-O 9. O-O Re8 10. Nd2 a6 11. a4 Nbd7 12. Nc4 Ne5 13. Na3 Nh5 14. h3 f5 15. e4
Rf8 16. exf5 Bxf5 17. Ne4 h6 18. Bd2 Qd7 19. Kh2 Nd3 20. Qb3 Bxe4 21. Bxe4 Nxf2
22. Bg2 Be5 23. Rxf2 Rxf2 24. Qd3 Nxg3 25. Kg1 Raf8 26. Nc4 Bd4 27. Kh2 Nf5 28.
Be1 Nh4 29. Bxf2 Rxf2 30. Rg1 Nf3+ 31. Kg3 Nxg1 0-1

[Event "España ch sub-16 2012"]
[Site "Salobreña ESP"]
[Date "2012.07.21"]
[Round "9.2"]
[White "Suarez Garcia, Carlos"]
[Black "Montoliu Cervero, Francisco"]
[Result "1-0"]
[WhiteElo "2306"]
[BlackElo "2230"]
[PlyCount "45"]
[EventDate "2012.07.16"]
[EventType "swiss"]
[EventRounds "9"]
[EventCountry "ESP"]
[Source "lmi"]
[SourceDate "2012.07.16"]

1. d4 Nf6 2. c4 e6 3. g3 Bb4+ 4. Nd2 Nc6 5. Ngf3 O-O 6. Bg2 d6 7. O-O Bxd2 8.
Bxd2 Qe7 9. Qc2 e5 10. d5 Nb8 11. e4 Nh5 12. Nh4 g6 13. b4 b6 14. Rac1 c5 15.
bxc5 dxc5 16. Bc3 g5 17. Nf5 Bxf5 18. exf5 Qd6 19. Qe2 Ng7 20. Bxe5 Qd7 21. f6
Ne8 22. Be4 g4 23. Qe3 1-0

[Event "España ch sub-16 2012"]
[Site "Salobreña ESP"]
[Date "2012.07.21"]
[Round "9.3"]
[White "Navarrete Espi, Samuel"]
[Black "Martin Duque, Jesus"]
[Result "0-1"]
[WhiteElo "2197"]
[BlackElo "2241"]
[PlyCount "60"]
[EventDate "2012.07.16"]
[EventType "swiss"]
[EventRounds "9"]
[EventCountry "ESP"]
[Source "lmi"]
[SourceDate "2012.07.16"]

1. e4 e6 2. d4 d5 3. Nc3 Bb4 4. e5 c5 5. a3 Bxc3+ 6. bxc3 Qa5 7. Bd2 Qa4 8. Qb1
c4 9. Ne2 Nc6 10. Nf4 Nge7 11. Be2 Bd7 12. O-O O-O-O 13. Bg4 Kb8 14. Qb2 Nc8
15. Rae1 Nb6 16. Nh5 Rhg8 17. f4 Qa5 18. Qc1 a6 19. f5 exf5 20. Bxf5 Bxf5 21.
Rxf5 g6 22. Rxf7 gxh5 23. e6 Rde8 24. Bf4+ Ka7 25. Bc7 Qxc3 26. Bxb6+ Kxb6 27.
Qb1+ Ka5 28. Rxb7 Qxd4+ 29. Kh1 Rxg2 30. Rf7 Qd2 0-1

[Event "España ch sub-16 2012"]
[Site "Salobreña ESP"]
[Date "2012.07.21"]
[Round "9.4"]
[White "Diaz Camallonga, Carles"]
[Black "Castillo Rodriguez, Angel Luis"]
[Result "1/2-1/2"]
[WhiteElo "2144"]
[BlackElo "1805"]
[PlyCount "90"]
[EventDate "2012.07.16"]
[EventType "swiss"]
[EventRounds "9"]
[EventCountry "ESP"]
[Source "lmi"]
[SourceDate "2012.07.16"]

1. e4 e6 2. d4 d5 3. Nc3 dxe4 4. Nxe4 Nd7 5. Nf3 Ngf6 6. Nxf6+ Nxf6 7. Bd3 b6
8. Qe2 Bb7 9. Bg5 Be7 10. O-O O-O 11. Rad1 h6 12. Bh4 Qd5 13. Bg3 Rac8 14. Be5
c5 15. c4 Qc6 16. dxc5 bxc5 17. Rfe1 Rfd8 18. Qc2 Rd7 19. Bf1 Rcd8 20. Rxd7
Qxd7 21. Qe2 Ne4 22. Qc2 Nd2 23. Nxd2 Qxd2 24. Qxd2 Rxd2 25. Bc3 Rd7 26. a3 g6
27. b4 Kf8 28. f3 Ke8 29. b5 Bd8 30. Kf2 Bc7 31. g3 Ke7 32. a4 a5 33. Be2 Bb6
34. h4 f6 35. g4 Kf7 36. Ke3 Ba8 37. f4 f5 38. h5 gxh5 39. gxh5 Rd8 40. Be5 Be4
41. Rc1 Rg8 42. Rd1 Rd8 43. Rd6 Rxd6 44. Bxd6 Bc2 45. Kd2 Be4 1/2-1/2

[Event "España ch sub-16 2012"]
[Site "Salobreña ESP"]
[Date "2012.07.21"]
[Round "9.5"]
[White "Garrido Piriz, Pablo"]
[Black "Buendia Pinar, Alvaro"]
[Result "1/2-1/2"]
[WhiteElo "1831"]
[BlackElo "1999"]
[PlyCount "62"]
[EventDate "2012.07.16"]
[EventType "swiss"]
[EventRounds "9"]
[EventCountry "ESP"]
[Source "lmi"]
[SourceDate "2012.07.16"]

1. e4 d5 2. exd5 Qxd5 3. Nc3 Qd8 4. d4 Nf6 5. Nf3 Bg4 6. Be2 e6 7. O-O c6 8.
Be3 Nbd7 9. Qd2 Bd6 10. a3 O-O 11. Rad1 Qc7 12. h3 Bh5 13. Ne1 Bg6 14. Bd3 Rac8
15. Bxg6 hxg6 16. Nd3 Nb6 17. Qe2 Nbd5 18. Nb1 Nxe3 19. Qxe3 c5 20. dxc5 Bxc5
21. Nxc5 Qxc5 22. Qxc5 Rxc5 23. Nc3 Rfc8 24. Rd3 Kf8 25. Rfd1 Ke7 26. R1d2 R8c7
27. Kf1 b5 28. Ke1 a5 29. Kd1 b4 30. Na2 Nd5 31. g3 g5 1/2-1/2

[Event "España ch sub-16 2012"]
[Site "Salobreña ESP"]
[Date "2012.07.21"]
[Round "9.6"]
[White "Nicolas Zapata, Irene"]
[Black "Nuñez Miranda, Adrian"]
[Result "1/2-1/2"]
[WhiteElo "2235"]
[BlackElo "1909"]
[PlyCount "90"]
[EventDate "2012.07.16"]
[EventType "swiss"]
[EventRounds "9"]
[EventCountry "ESP"]
[Source "lmi"]
[SourceDate "2012.07.16"]

1. d4 f5 2. g3 g6 3. Bg2 Nf6 4. Nh3 Bg7 5. Nf4 e6 6. h4 d6 7. Nc3 e5 8. dxe5
dxe5 9. Qxd8+ Kxd8 10. Nfd5 c6 11. Nxf6 Bxf6 12. Bg5 Ke7 13. O-O-O Be6 14. e4
Na6 15. Be3 Kf7 16. Bf1 Nc7 17. a4 a5 18. Bb6 Ne8 19. Be2 h5 20. f3 Be7 21. Be3
Nf6 22. Rhf1 Rhd8 23. Rde1 fxe4 24. Nxe4 Nxe4 25. fxe4+ Kg7 26. Rg1 Rf8 27.
Ref1 Bh3 28. Rd1 Rfd8 29. Rde1 Rf8 30. Rd1 Rfd8 31. Bb6 Rxd1+ 32. Rxd1 Be6 33.
Bc7 Bf6 34. b3 Kf7 35. Kb2 Ke7 36. Kc3 Kf7 37. Bc4 Ke7 38. Bxe6 Kxe6 39. Kc4
Be7 40. Bb6 Bd6 41. Bc5 Rd8 42. Bb6 Ra8 43. c3 Be7 44. Bd8 Ra6 45. Bc7 Ra8
1/2-1/2

[Event "España ch sub-16 2012"]
[Site "Salobreña ESP"]
[Date "2012.07.21"]
[Round "9.7"]
[White "Orantes Taboada, Manuel"]
[Black "Sanchez Garcia, Julio"]
[Result "1/2-1/2"]
[WhiteElo "1963"]
[BlackElo "2108"]
[PlyCount "78"]
[EventDate "2012.07.16"]
[EventType "swiss"]
[EventRounds "9"]
[EventCountry "ESP"]
[Source "lmi"]
[SourceDate "2012.07.16"]

1. e4 e6 2. d4 d5 3. Nd2 Nf6 4. e5 Nfd7 5. Bd3 c5 6. c3 Nc6 7. Ne2 cxd4 8. cxd4
f6 9. exf6 Nxf6 10. Nf3 Bd6 11. O-O Qc7 12. Bg5 O-O 13. Bh4 Nh5 14. Nc3 a6 15.
Rc1 g6 16. Na4 Qg7 17. Nb6 Rb8 18. Bxa6 Qc7 19. Nxc8 Rbxc8 20. Bb5 Qb6 21. Bxc6
bxc6 22. b3 c5 23. Bg5 Qa6 24. Re1 c4 25. Qe2 Bf4 26. Rcd1 Bxg5 27. Nxg5 Nf4
28. Qc2 Rf5 29. Nf3 Nd3 30. Re3 Nb4 31. Qb2 Qxa2 32. Qxa2 Nxa2 33. bxc4 dxc4
34. Ra3 Nb4 35. Ne5 Nd5 36. Rc1 c3 37. g3 Rc7 38. Ra6 Nb4 39. Rb6 Rxe5 1/2-1/2

[Event "España ch sub-16 2012"]
[Site "Salobreña ESP"]
[Date "2012.07.21"]
[Round "9.8"]
[White "Marchena Hurtado, Javier"]
[Black "Martin Perez, Laura"]
[Result "1-0"]
[WhiteElo "2085"]
[BlackElo "2019"]
[PlyCount "123"]
[EventDate "2012.07.16"]
[EventType "swiss"]
[EventRounds "9"]
[EventCountry "ESP"]
[Source "lmi"]
[SourceDate "2012.07.16"]

1. e4 c5 2. Nf3 Nc6 3. d4 cxd4 4. Nxd4 g6 5. c4 Bg7 6. Be3 Nf6 7. Nc3 O-O 8.
Be2 d6 9. O-O Bd7 10. f3 Nxd4 11. Bxd4 a5 12. b3 Bc6 13. Qd2 Nd7 14. Be3 Nc5
15. Rab1 Qb6 16. Rfc1 Rfc8 17. Rc2 Qd8 18. Bf1 Be5 19. a3 Bg7 20. b4 axb4 21.
axb4 Na4 22. Ne2 Be8 23. Nd4 Nb6 24. Qf2 Nd7 25. Ra2 Rxa2 26. Qxa2 Ra8 27. Qb2
Ne5 28. Qd2 Nc6 29. Nb5 Ne5 30. c5 dxc5 31. bxc5 Qxd2 32. Bxd2 Rd8 33. Be3 Bc6
34. Na7 Rd7 35. Nxc6 Nxc6 36. Bb5 Bd4 37. Bxd4 Rxd4 38. Bxc6 bxc6 39. Rb6 Rd1+
40. Kf2 Rd2+ 41. Kf1 Rd1+ 42. Ke2 Rc1 43. Rxc6 Rc2+ 44. Kf1 h5 45. h4 Kg7 46.
e5 Rc4 47. g3 Rc3 48. Ke2 f6 49. exf6+ exf6 50. Rc7+ Kg8 51. c6 g5 52. Kd2 Rc5
53. Kd3 Kf8 54. Kd4 Rc1 55. Kd5 Rc3 56. Rh7 gxh4 57. gxh4 Kg8 58. Rd7 Kf8 59.
c7 Rd3+ 60. Ke4 Rxd7 61. c8=Q+ Ke7 62. Qc5+ 1-0

[Event "España ch sub-16 2012"]
[Site "Salobreña ESP"]
[Date "2012.07.21"]
[Round "9.9"]
[White "Domingo Nuñez, Ruben"]
[Black "Rojano Alfonso, Carlos"]
[Result "1/2-1/2"]
[WhiteElo "1887"]
[BlackElo "2084"]
[PlyCount "94"]
[EventDate "2012.07.16"]
[EventType "swiss"]
[EventRounds "9"]
[EventCountry "ESP"]
[Source "lmi"]
[SourceDate "2012.07.16"]

1. d4 e6 2. Nf3 f5 3. Bg5 Be7 4. Bxe7 Qxe7 5. e3 Qb4+ 6. Nbd2 Nf6 7. Rb1 b6 8.
Be2 Bb7 9. c3 Qe7 10. Qc2 d6 11. c4 O-O 12. b4 Ne4 13. Bd3 Nxd2 14. Qxd2 e5 15.
Bc2 a5 16. c5 Kh8 17. cxd6 cxd6 18. dxe5 dxe5 19. O-O Nc6 20. a3 f4 21. Be4
Rfd8 22. Qe1 fxe3 23. Qxe3 axb4 24. Bxc6 Bxc6 25. Nxe5 Qb7 26. Nxc6 Qxc6 27.
Rxb4 Re8 28. Rxb6 Rxe3 29. Rxc6 Rexa3 30. g3 h6 31. h4 Ra2 32. Rfc1 Kh7 33.
R6c2 Rxc2 34. Rxc2 h5 35. Rc6 g6 36. Kg2 Kh6 37. Rc7 Ra3 38. Rf7 Ra2 39. Kh3
Ra3 40. Re7 Rf3 41. Kg2 Ra3 42. f4 Ra2+ 43. Kf3 Ra3+ 44. Re3 Ra4 45. g4 hxg4+
46. Kxg4 Ra5 47. Re5 Ra8 1/2-1/2

[Event "España ch sub-16 2012"]
[Site "Salobreña ESP"]
[Date "2012.07.21"]
[Round "9.10"]
[White "Moreno Ibañez, Miguel"]
[Black "Alvarez Serrano, Carlos"]
[Result "1-0"]
[WhiteElo "2055"]
[BlackElo "1857"]
[PlyCount "77"]
[EventDate "2012.07.16"]
[EventType "swiss"]
[EventRounds "9"]
[EventCountry "ESP"]
[Source "lmi"]
[SourceDate "2012.07.16"]

1. e4 e6 2. d4 d5 3. Nd2 dxe4 4. Nxe4 Nd7 5. Bd3 Ngf6 6. Qe2 Nxe4 7. Bxe4 Nf6
8. Bxb7 Bxb7 9. Qb5+ Qd7 10. Qxb7 Qd5 11. Qxd5 exd5 12. Bf4 Rb8 13. O-O-O Kd7
14. Nf3 Ng4 15. Rd2 Bd6 16. Ne5+ Bxe5 17. dxe5 Ke6 18. f3 Rb4 19. g3 Nh6 20.
Rhd1 c6 21. c3 Rc4 22. Rd4 Rxd4 23. cxd4 Nf5 24. g4 Ne7 25. Rd3 h5 26. h3 hxg4
27. hxg4 Ng6 28. Bd2 Rh3 29. Rc3 Ne7 30. Ra3 Nc8 31. Kd1 Kd7 32. Ke2 f6 33.
exf6 gxf6 34. b3 Kc7 35. Bb4 Kb7 36. Bc5 Nb6 37. Ke3 a6 38. Kf4 Nd7 39. b4 1-0